| 000 | 01023nam a2200301 a 4500 | ||
|---|---|---|---|
| 008 | |||
| 020 | _a0805347801 (cased) | ||
| 049 | _aMAIN | ||
| 090 | 0 | 1 | _aQ335 |
| 100 | 1 | _aLuger, George F. | |
| 245 | 1 | 0 |
_aArtificial intelligence : _bstructures and strategies for complex problem solving / _cGeorge F. Luger, William A Stubblefield. |
| 250 | _a2nd ed. | ||
| 260 |
_aRedwood City, Calif. : _bBenjamin/Cummings, _cc1993. |
||
| 300 |
_axxiv, 740 p. : _bill. ; _c24 cm. |
||
| 504 | _aIncludes bibliographical references : p. 705-722. | ||
| 500 | _aIncludes index. | ||
| 650 | 0 | _aArtificial intelligence. | |
| 650 | 0 | _aKnowledge representation (Information theory). | |
| 650 | 0 | _aProblem solving. | |
| 650 | 0 | _aProlog (Computer program language). | |
| 650 | 0 | _aLISP (Computer program language). | |
| 700 | 1 | _aStubblefield, William A. | |
| 907 |
_a.b10125553 _b11-06-04 _c09-06-04 |
||
| 003 | |||
| 005 | 20230123133734.0 | ||
| 040 | _cNUST | ||
| 942 |
_cBOOKS _kQ335 |
||
| 999 |
_c153786 _d153786 |
||